000
00291nam a22001337a 4500
008
181022b xxu||||| |||| 00| 0 eng d
020
_a
9780521568722
041
_a
eng
080
_a
521
100
_a
42
101
_a
AST
245
_a
People and the Earth
_c
Rogers,J.J
942
_2
udc
_c
BK
999
_c
50421
_d
50421